Todos os filmes do Tarantino (por imagem) - Statistics

Estatísticas Gerais
  • Esse quiz foi jogado 77 vezes
  • A pontuação média é 5 de 10
Estatísticas das Respostas
Imagem Resposta % Correto
Bastardos Inglórios
88%
Era Uma Vez Em Hollywood
84%
Django Livre
81%
Pulp Fiction
70%
Kill Bill volume 1
57%
Kill Bill volume 2
51%
Cães de Aluguel
39%
Jackie Brown
29%
Oito Odiados
28%
Death Proof
7%
Nenhum quiz correspondente encontrado
Distribuição das Pontuações
Porcentagem de Pessoas com Cada Pontuação
Percentil de Números Respondidos
Sua Pontuação Histórica
Você não jogou esse quiz